Every Premier League Player of the Season - Statistics

General Stats
  • This quiz has been taken 465 times
    7 since last reset
  • The average score is 23 of 27
Answer Stats
Answer % Correct
Alan Shearer
100%
Bruno Fernandes
100%
Cristiano Ronaldo
100%
Dwight Yorke
100%
Erling Haaland
100%
Freddie Ljungberg
100%
Gareth Bale
100%
Kevin De Bruyne
100%
Luis Suarez
100%
Mohamed Salah
100%
Nemanja Vidic
100%
Thierry Henry
100%
Virgil van Dijk
100%
Wayne Rooney
100%
MIchael Owen
86%
Patrick Vieira
86%
Phil Foden
86%
Ruben Dias
86%
Eden Hazard
71%
Frank Lampard
71%
Jamie Vardy
71%
N'Golo Kante
71%
Peter Schmeichel
71%
Ruud van Nistelrooy
71%
Vincent Kompany
71%
Juninho Paulista
43%
Kevin Phillips
14%
No matching quizzes found
Score Distribution
Percent of People with Each Score
Percentile by Number Answered
Your Score History
You have not taken this quiz since the last reset